Szczegóły MARC21

Źródła sukcesów i porażek przedsiębiorstw : materiały na międzynarodową konferencję naukową zorganizowaną przez Ka tedrę Zarządzania Strategicznego oraz Katedrę Zarządzania Strategiczne go i Logistyki Akademii Ekonomicznej im.O.Langego we Wrocławiu, Karpac z, 18-20 października 2000 : aspekt strate

005 -DATA I CZAS OSTATNIEJ MODYFIKACJI [,]
    • @
    • pole kontrolne
    • 20070315155141.9
040 -Instytucja sporządzająca opis [ , ]
    • a
    • Instytucja, która sporządziła opis (NP)
    • SZCZ U
    • c
    • Instytucja, która sporządziła rekord (NP)
    • SZCZ U
041 -Język dokumentu [0, ]
    • a
    • Język tekstu (P)
    • polski
    • h
    • Język tekstu oryginalnego i/lub pośredniego (P)
    • polski
942 -Rodzaj dokumentu [ , ]
    • c
    • Rodzaj dokumentu
    • Książka
245 -Strefa tytułu i oznaczenia odpowiedzialności [0, ]
    • a
    • Tytuł
    • Źródła sukcesów i porażek przedsiębiorstw : Find
    • b
    • Ciąg dalszy tytułu (NP)
    • materiały na międzynarodową konferencję naukową zorganizowaną przez Ka tedrę Zarządzania Strategicznego oraz Katedrę Zarządzania Strategiczne go i Logistyki Akademii Ekonomicznej im.O.Langego we Wrocławiu, Karpac z, 18-20 października 2000 : aspekt strate Find
    • c
    • Pozostałe elementy strefy tytułu i oznaczenia odpowiedzialności (NP)
    • red. nauk. Barbara Olszewska.
260 -Strefa adresu wydawniczego [ , ]
    • a
    • Miejsce wydania (P)
    • Wrocław :
    • b
    • Nazwa wydawcy (P)
    • Wydaw.AE
    • c
    • Data wydania (P)
    • 2000.
300 -Strefa opisu fizycznego [ , ]
    • a
    • Określenie formy książki i/lub objętość (NP)
    • 499 s. :
    • b
    • Oznaczenie ilustracji (NP)
    • rys. :
    • c
    • Format (NP)
    • 24 cm.
490 -Strefa serii i książki wielotomowej - forma nie do wyszukiwania [0, ]
    • a
    • Tytuł (P)
    • (Prace Naukowe Akad.Ekonomicznej im.Oskara Langego we Wrocławiu ; . Materiały Konferencyjne Find
    • x
    • ISSN (NP)
    • 0324-8445)
    • v
    • Numeracja (P)
    • nr 870,
500 -Uwaga ogólna [ , ]
    • a
    • Uwaga ogólna (NP)
    • Bibliogr.Summ
080 -Uniwersalna Klasyfikacja Dziesiętna [ , ]
    • a
    • Symbol klasyfikacji
    • 65.011(061)
080 -Uniwersalna Klasyfikacja Dziesiętna [ , ]
    • a
    • Symbol klasyfikacji
    • :658.1/.5.012.12(061)
980 -Symbol UKD [ , ]
    • a
    • UKD
    • 65.011:658.1/.5.012.12](061)
700 -Hasło dodatkowe - nazwa osobowa [ , ]
    • a
    • Nazwa osobowa (NP)
    • Olszewska Barbara Find
Lokalizacja Data inwentaryzacji Sygnatura Numer inwentarzowy Status udost.
T2001-03-28T.4942T.4942-2